| 000 | 01790nam0a2200349 4500 | ||
|---|---|---|---|
| 001 | RU\NLR\bibl\1075333 | ||
| 005 | 20260405094254.0 | ||
| 010 |
_a5-94067-186-1 _9100 |
||
| 021 |
_aRU _b2007-16232 _9867 |
||
| 035 | _a(NLR Aleph) 001062536 | ||
| 090 |
_a947765 _c947765 |
||
| 100 | _a20070419d2006 |||y0rusy50 ca | ||
| 101 | 0 | _arus | |
| 102 | _aRU | ||
| 105 | _ay ||||||||| | ||
| 200 | 1 |
_aАнтичная история и классическая археология _fНауч.-образоват. центр по истории [и др.] _g[редкол.: ... Дементьева В.В. (отв. ред.) и др.] |
|
| 210 |
_aМосква _cИВИ РАН _d2006 |
||
| 215 |
_a257 с. _d20 |
||
| 225 | 1 |
_aИздательская серия "Академклуб: исторические науки" _fредкол.: ... Данилевский И.Н. (пред.) [и др.] _vвып. 2 |
|
| 300 | _aВ надзаг. также: Рос. акад. наук, Ин-т всеобщ. истории, Гос. ун-т гуманит. наук | ||
| 320 | _aБиблиогр. в примеч. в конце ст. | ||
| 606 | 1 |
_aАнтичная археология _jСборники _91001356 _3RU\NLR\auth\6662089 |
|
| 606 | 1 |
_aАнтичный мир _jСборники _xИстория _9910590 _3RU\NLR\auth\6612768 |
|
| 686 | _aТ4(0)32я43 | ||
| 686 | _aТ3(0)32я43 | ||
| 702 | 1 |
_4340 _8rus _7ca _aДементьева _bВ. В. _cд-р ист. наук _f1957- _gВера Викторовна _3RU\NLR\auth\7735011 _918010 |
|
| 712 | 0 | 2 |
_4570 _aНаучно-образовательный центр по истории _cМосква _9662214 _3RU\NLR\AUTH\8810080039 |
| 801 | 0 |
_aRU _bNLR _c20070419 _gRCR |
|
| 801 | 1 |
_aRU _bNLR _c20070419 |
|
| 942 | _cBOOK | ||
| 980 | _aNB | ||